Liedtext - Cordula Grün - Josh. - Statistiken

Allgemein
  • Dieses Quiz wurde 1.782 mal gespielt
  • Das Durchschnittsergebnis liegt bei 212 aus 279
Antwortstatistiken
Textquiz % Korrekt
Cordula
100%
Grün
100%
ich
99%
Ich
99%
geseh'n
98%
hab'
98%
tanzen
98%
Sie
95%
sie
95%
ein
89%
mir
89%
Mir
89%
mit
89%
Mit
89%
hieß
88%
mag
88%
ob
88%
dich
87%
gefragt
87%
und
87%
Und
87%
Dann
86%
dann
86%
Einen
85%
trinken
85%
hat
84%
er
82%
Tee
82%
noch
81%
Oder
79%
Mann
78%
Ihr
77%
ihr
77%
Fruchtkonzentrat
75%
ja
74%
zu
74%
morgen
73%
gesagt
72%
den
68%
Eberhard
68%
nicht
67%
das
66%
nach
66%
ihm
64%
vor
63%
Vor
63%
würd'
63%
Bier
62%
Hause
62%
ist
62%
Mein
62%
Altar
61%
der
60%
hier
60%
treten
60%
du
59%
eh
59%
Komm
59%
mehr
59%
Aus
57%
will
57%
nur
56%
wohnt
56%
wurde
56%
einem
55%
sagt
55%
so
55%
an
53%
Wer
53%
gern
52%
Dass
51%
bist
50%
hätt'
50%
verheiratet
50%
zwei
49%
Schnaps
48%
wiederseh'n
48%
jetzt
47%
klar
46%
Liebeslied
46%
sing'
46%
abends
45%
am
45%
geht
45%
Hätte
45%
schwer
45%
Tanzmusik
45%
verliert
45%
verstehen
45%
In
44%
zuerst
44%
geahnt
43%
mich
43%
schön
43%
Tag
43%
bin
42%
geh'n
42%
wenn
42%
anders
41%
auf
41%
weggeseh'n
41%
Denn
40%
geplant
40%
große
40%
ich's
40%
Poesie
40%
Kitsch
39%
von
39%
nächsten
38%
tanzt
38%
verschwieg
38%
auch
37%
steh'
37%
war's
37%
bleib'
36%
Optimist
35%
Refrain
35%
graut
34%
Ring
34%
fort
31%
skandiert
31%
dreh'n
29%
konnt'
29%
selbst
29%
übern
29%
unserm
29%
fing
27%
Bim
23%
Pädiatrist
22%
Keine übereinstimmenden Quizze gefunden
Verteilung der Resultate
Anzahl Personen mit jedem Resultat
Perzentil nach korrekt beantworteten Fragen
Ihre Resultats-Entwicklung
Sie haben dieses Quiz noch nicht gespielt